000 00407nam a2200157Ia 4500
008 210210b1986 xxu||||| |||| 00| 0 eng d
082 _a050.954 SACC
100 _aSACHDEVA (S K).
245 _aCompetition success India 1987 annual review. Ed 2.
250 _a
260 _aNew Delhi.
_bCompetition Review Pvt Ltd.,
_c1986
300 _a308
650 _aIndia
690 _aSerials
906 _a039318
999 _c89389
_d89389